فتح المنان في آداب الإستئذان / (رقم التسجيلة. 17833)

تفاصيل مارك
000 -الفاتح
عناصر البيانات ثابتة الطول 00769cam a2200193 i 4500
005 - تاريخ ووقت آخر معاملة
حقل ضبط 20251221113555.0
008 - عناصر البيانات ثابتة الطول
عناصر البيانات ثابتة الطول 250721s1994 su gr 000 0 ara d
082 14 - رقم تصنيف ديوي العشري
رقم التصنيف 218.2
رقم المادة ف ت ح
100 1# - مدخل رئيسي – اسم شخصي
الاسم الشخصي عبد المقتدر، إبراهيم بن فتحي
علاقة الشخص بالعمل/ دوره كاتب حوار.
245 10 - بيان العنوان
العنوان فتح المنان في آداب الإستئذان /
بيان المسؤولية جمع وترتيب إبراهيم بن فتحي عبد المفتدر.
250 ## - بيان الطبعة
بيان الطبعة الطبعة الأولى.
264 31 - بيانات النشر، التوزيع…إلخ
مكان النشر، التوزيع...إلخ جدة :
تاريخ النشر، التوزيع...إلخ 1994.
اسم الناشر، الموزع...إلخ مكتبة الصحابة،
264 31 - بيانات النشر، التوزيع…إلخ
مكان النشر، التوزيع...إلخ القاهرة :
تاريخ النشر، التوزيع...إلخ 1994.
اسم الناشر، الموزع...إلخ مكتبة التابعين،
300 ## - الوصف المادي
عدد الوحدات المكونة للوعاء 124صفحة.
650 17 - مدخل إضافي بالموضوع - مصطلح موضوعي
مصطلح موضوعي أو اسم جغرافي كعنصر مدخل الآداب الإسلامية.
650 17 - مدخل إضافي بالموضوع - مصطلح موضوعي
مصطلح موضوعي أو اسم جغرافي كعنصر مدخل الفضائل الإسلامية.
942 ## - بيانات إضافية (كوها)
نوع التنصيف Dewey Decimal Classification
نوع المادة (كوها) كتب
المقتنيات
حالة السحب حالة الفقدان مصدر التصنيف حالة التلف غير قابل للإعارة المكتبة الرئيسية المكتبة الحالية موقع الرف تاريخ التزويد الرقم المتسلسل Total Checkouts رقم الإستدعاء الباركود تاريخ آخر ظهور تاريخ الفاتورة نوع المادة (كوها)
    Dewey Decimal Classification     المكتبة المركزية المكتبة المركزية الإعارة 06/07/2004 322780   218.2 / ف ت ح 322780 28/07/2025 06/07/2004 كتب
Implemented & Customized by: BBB with SCIT (Smart Chains for Information Technology)

Powered by Koha